|
|
|
|
| LEADER |
00592 a2200169 4500 |
| 008 |
150203b xxu||||| |||| 00| 0 mal d |
| 020 |
|
|
|a 9789381788462
|
| 082 |
|
|
|a 808.068
|
| 100 |
|
|
|a John,T. C.
|
| 245 |
|
|
|a Wayanadan kadhakal kuttikalku /
|c T. C. John.
|
| 260 |
|
|
|c 2012.
|b Olive Publications,
|a Kozhikode:
|
| 300 |
|
|
|a 56P. ;
|c 22 cm.
|
| 546 |
|
|
|a in Malayalam
|
| 650 |
|
|
|a Childrens literature
|
| 942 |
|
|
|2 ddc
|c BK
|
| 999 |
|
|
|c 104407
|d 104407
|
| 952 |
|
|
|0 0
|1 0
|4 0
|6 808_068000000000000_JOH_W_M
|7 0
|9 106164
|a UL
|b UL
|c ST1
|d 2014-01-06
|e 2
|g 30.60
|l 7
|m 1
|o 808.068 JOH/W M
|p 91702
|r 2020-12-21
|s 2020-11-12
|v 45.00
|y BK
|